Genética moderna

Furkejuvvon:
Bibliográfalaš dieđut
Váldodahkki: Ayala, Francisco J
Eará dahkkit: Kiger, John A
Materiálatiipa: Girji
Giella:espánnjágiella
Almmustuhtton: Ciudad de México Fondo Educativo Interamericano 1984
Fáttát:
Fáddágilkorat: Lasit fáddágilkoriid
Eai fáddágilkorat, Lasit vuosttaš fáddágilkora!

MARC

LEADER 00000nam a2200000 a 4500
001 UCW0358
003 CL-VaPUC
005 20230112074242.0
008 871009e19840000MX |||||||||||||||||spa|d
999 |c 215556  |d 215554 
020 |a 8428207208 
040 |c Pontificia Universidad Católica de Valparaíso 
082 0 4 |a 575.1 AYA 1984  |2 21 
100 0 |a Ayala, Francisco J  |9 304285 
245 1 0 |a Genética moderna 
260 |a Ciudad de México  |b Fondo Educativo Interamericano  |c 1984 
300 |a 836 páginas 
583 |a last modification  |c 20171031 11:00:10  |k Rodrigo Vera 
650 0 |a Genética  |9 259443 
650 0 |a Evolución  |9 259442 
650 0 |a Herencia  |9 256325 
700 0 |a Kiger, John A  |9 304286 
942 |c BK  |2 ddc 
945 |d 19871009 00:00:00  |a mfernand 
952 |0 0  |1 0  |2 ddc  |4 0  |6 575_100000000000000_AYA_1984  |7 0  |8 A  |9 199903  |a BIBCUR  |b BIBCUR  |d 2019-11-14  |i 2672049  |o 575.1 AYA 1984  |p 2672049  |r 2025-04-22  |t 1  |w 2019-11-14  |y BK  |k BIO 
952 |0 0  |1 0  |2 ddc  |4 0  |6 575_100000000000000_AYA_1984  |7 0  |8 A  |9 199906  |a BIBCUR  |b BIBCUR  |d 2019-11-14  |i 3184285  |l 1  |o 575.1 AYA 1984  |p 3184285  |r 2025-04-22  |s 2022-04-25  |t 4  |w 2019-11-14  |y BK  |k BCB 
952 |0 0  |1 0  |2 ddc  |4 0  |6 575_100000000000000_AYA_1984  |7 0  |8 A  |9 199909  |a BIBING  |b BIBING  |c RES  |d 2019-11-14  |i 2671921  |o 575.1 AYA 1984  |p 2671921  |r 2025-01-20  |t 7  |w 2019-11-14  |y BK  |k ING 
952 |0 0  |1 0  |2 ddc  |4 0  |6 575_100000000000000_AYA_1984  |7 0  |8 A  |9 199910  |a BIBING  |b BIBING  |c RES  |d 2019-11-14  |i 267193K  |o 575.1 AYA 1984  |p 267193K  |r 2025-01-20  |t 8  |w 2019-11-14  |y BK  |k ING 
952 |0 0  |1 0  |2 ddc  |4 0  |6 575_100000000000000_AYA_1984  |7 0  |8 A  |9 199911  |a BIBING  |b BIBING  |c RES  |d 2019-11-14  |i 307448K  |o 575.1 AYA 1984  |p 307448K  |r 2025-01-20  |t 9  |w 2019-11-14  |y BK  |k ING 
952 |0 0  |1 0  |2 ddc  |4 0  |6 575_100000000000000_AYA_1984  |7 0  |8 A  |9 199912  |a BIBING  |b BIBING  |c RES  |d 2019-11-14  |i 3075419  |o 575.1 AYA 1984  |p 3075419  |r 2025-01-20  |t 10  |w 2019-11-14  |y BK  |k ING 
952 |0 0  |1 0  |2 ddc  |4 0  |6 575_100000000000000_AYA_1984  |7 0  |8 A  |9 199913  |a BIBING  |b BIBING  |c RES  |d 2019-11-14  |i 3075427  |o 575.1 AYA 1984  |p 3075427  |r 2025-01-20  |t 11  |w 2019-11-14  |y BK  |k ING 
952 |0 0  |1 0  |2 ddc  |4 0  |6 575_100000000000000_AYA_1984  |7 0  |8 A  |9 199914  |a BIBING  |b BIBING  |c RES  |d 2019-11-14  |i 3184269  |o 575.1 AYA 1984  |p 3184269  |r 2025-01-20  |t 12  |w 2019-11-14  |y BK  |k ING